| 000 | 00879nam a22003017a 4500 | ||
|---|---|---|---|
| 001 | 0036769 | ||
| 003 | KOHA_MİRAKIL | ||
| 005 | 20260207003016.0 | ||
| 007 | ta | ||
| 008 | 130730b2006 tu |||gr||||#||||0|tur | | ||
| 020 |
_a9755919406 _c11,04 |
||
| 040 |
_aTR-BiSEU _btur _cTR-BiSEU _erda |
||
| 041 | 0 | _atur | |
| 044 | _ctu | ||
| 050 |
_aTH1715 _b.A48 2006 |
||
| 100 | 1 | _aAltınışık, Kemal . | |
| 245 | 1 |
_aIsı yalıtımı/ _cKemal Altınışık ; Kemal Altınışık. |
|
| 264 | 1 |
_aAnkara : _bNobel Yayın Dağıtım _c2006 |
|
| 300 |
_axvıı; 275 s. ; _c21 cm |
||
| 336 |
_ametin _btxt _2rdacontent |
||
| 337 |
_aaracısız _bn _2rdamedia |
||
| 338 |
_acilt _bnc _2rdacarrier |
||
| 650 | 0 |
_aYalıtım (Isı). _97078 |
|
| 650 | 0 |
_aInsulation (Heat). _955230 |
|
| 650 | 0 |
_aYalıtım (Ses). _965712 |
|
| 650 | 0 |
_aInsulation (Acoustic). _965711 |
|
| 942 |
_2lcc _cBK |
||
| 999 |
_c36655 _d36655 |
||